<?xml version="1.0" encoding="UTF-8"?>
<collection xmlns="http://www.loc.gov/MARC21/slim">
  <record>
    <leader>00000nam  2200000   4500</leader>
    <controlfield tag="001">INLIS000000000009912</controlfield>
    <controlfield tag="005">20240620105449</controlfield>
    <datafield tag="035" ind1="#" ind2="#">
      <subfield code="a">0010-0321000005</subfield>
    </datafield>
    <controlfield tag="007">ta</controlfield>
    <controlfield tag="008">240620################g##########0#ind##</controlfield>
    <datafield tag="020" ind1="#" ind2="#">
      <subfield code="a">978 979 224 267 6</subfield>
    </datafield>
    <datafield tag="082" ind1="#" ind2="#">
      <subfield code="a">352.23</subfield>
    </datafield>
    <datafield tag="084" ind1="#" ind2="#">
      <subfield code="a">352.23 LES d</subfield>
    </datafield>
    <datafield tag="100" ind1=" " ind2="#">
      <subfield code="a">Lesmana, Tjipta</subfield>
    </datafield>
    <datafield tag="245" ind1="1" ind2="#">
      <subfield code="a">Dari Soekarno Sampai SBY :</subfield>
      <subfield code="b">Intrik &amp; Lobi Politik Para Penguasa /</subfield>
      <subfield code="c">Tjipta Lesmana</subfield>
    </datafield>
    <datafield tag="250" ind1="#" ind2="#">
      <subfield code="a">Cetakan ke 1</subfield>
    </datafield>
    <datafield tag="260" ind1="#" ind2="#">
      <subfield code="a">Jakarta :</subfield>
      <subfield code="b">Gramedia Pustaka Utama,</subfield>
      <subfield code="c">2009</subfield>
    </datafield>
    <datafield tag="300" ind1="#" ind2="#">
      <subfield code="a">xxx, 396 halaman :</subfield>
      <subfield code="b">ilus ;</subfield>
      <subfield code="c">23 cm</subfield>
    </datafield>
    <datafield tag="650" ind1="#" ind2="4">
      <subfield code="a">Kekuasaan Eksekutif</subfield>
    </datafield>
    <datafield tag="856" ind1="#" ind2="#">
      <subfield code="a">Perpustakaan Lembaga Administrasi Negara</subfield>
    </datafield>
    <datafield tag="520" ind1="#" ind2="#">
      <subfield code="a">Kepemimpinan tercermin dari komunikasi politik dan pengaruh yangditimbulkannya pada audiens. Begitu pula komunikasi politik parapresiden. Efektif atau tidaknya komunikasi mereka, langsung berdampakpada kepemimpinan dan citra diri mereka. Buku ini menguak komunikasipolitik dan kepemimpinan enam Presiden Indonesia, mulai dari BungKarno, berlanjut dengan Soeharto, Habibie, Gus Dur, Megawati, sampaiSusilo Bambang Yudhoyono.Dengan gaya bahasa yang lugas, tajam, dan kaya data, berdasarkanwawancara mendalam dengan para informan yang dekat dengan presiden,buku ini juga berhasil mengungkap sisi lain dari berbagai peristiwapenting di Tanah Air, seperti pembredelan media baik di jaman BungKarno maupun Orde Baru pasca Tragedi Malari 1974, Tragedi 27 Juli1996, dendam Soeharto pada Habibie, Kasus Bank Bali, upaya pencopotanPanglima TNI, impeachment terhadap Gus Dur, dendam Megawatiterhadap SBY, serta sisi-sisi kemanusiaan para Presiden yang bisa bikingeleng-geleng kepala, senyum, atau senyum getir karena prihatin.Buku ini niscaya akan menjadi cermin bagi siapa pun yang inginberkuasa ñ di tingkat daerah maupun pusat. Amat penting bagi siapapun yang peduli mengenai bagaimana negara ini diurus, urusan publikditangani, intrik dan lobi politik dilakukan.</subfield>
    </datafield>
    <datafield tag="990" ind1="#" ind2="#">
      <subfield code="a">160918633</subfield>
    </datafield>
    <datafield tag="990" ind1="#" ind2="#">
      <subfield code="a">160918632</subfield>
    </datafield>
    <datafield tag="990" ind1="#" ind2="#">
      <subfield code="a">160718504</subfield>
    </datafield>
  </record>
</collection>
